Доменные стенки в материалах с цилиндрическими магнитными доменами: пер. с англ.

Dades bibliogràfiques
Autor principal: Малоземов А.
Altres autors: Слонзуски Дж.
Idioma:rus
Publicat: Москва, Мир, 1982
Matèries:
Format: MixedMaterials Llibre
KOHA link:https://koha.lib.tpu.ru/cgi-bin/koha/opac-detail.pl?biblionumber=146761

MARC

LEADER 00000nam0a2200000 4500
001 146761
005 20231031144748.0
035 |a (RuTPU)RU\TPU\book\159089 
090 |a 146761 
100 |a 20081103d1982 m y0rusy50 ca 
101 1 |a rus  |c eng 
102 |a RU 
105 |a a z 001zy 
200 1 |a Доменные стенки в материалах с цилиндрическими магнитными доменами  |e пер. с англ.  |f А. Малоземов, Дж. Слонзуски 
210 |a Москва  |c Мир  |d 1982 
215 |a 384 с.  |c ил. 
320 |a Библиогр.: с. 362-373. 
320 |a Предм. указ.: с. 377-380. 
610 1 |a домены 
610 1 |a физика 
610 1 |a материалы 
610 1 |a магнитные домены 
610 1 |a магнетизм 
610 1 |a статистические свойства 
610 1 |a ЦМД 
610 1 |a экспериментальная техника 
610 1 |a статика 
610 1 |a динамика 
675 |a 538.221  |v 3 
700 1 |a Малоземов  |b А. 
701 1 |a Слонзуски  |b Дж. 
801 1 |a RU  |b 63413507  |c 20081103  |g PSBO 
801 2 |a RU  |b 63413507  |c 20081229  |g PSBO 
942 |c BK